|
|
|
|
| LEADER |
02200nam a2200589 i 4500 |
| 001 |
nkc20193112604 |
| 003 |
CZ PrNK |
| 005 |
20190903075554.0 |
| 007 |
ta |
| 008 |
190625s2019 xr cf e 000 0bcze |
| 015 |
|
|
|a cnb003112604
|
| 020 |
|
|
|a 978-80-7597-450-1
|q (vázáno) :
|c Kč 299,00
|
| 035 |
|
|
|a (OCoLC)1111981545
|
| 040 |
|
|
|a OLA001
|b cze
|d ABA001
|e rda
|
| 041 |
1 |
|
|a cze
|h dut
|
| 043 |
|
|
|a e-xo---
|
| 045 |
|
|
|a x9y-
|
| 072 |
|
7 |
|a 796
|x Sport. Hry. Tělesná cvičení
|2 Konspekt
|9 20
|
| 072 |
|
7 |
|a 929
|x Biografie
|2 Konspekt
|9 8
|
| 080 |
|
|
|a 796.6.071.2
|2 MRF
|
| 080 |
|
|
|a 796.61.093.54
|2 MRF
|
| 080 |
|
|
|a 929
|2 MRF
|
| 080 |
|
|
|a (437.6)
|2 MRF
|
| 080 |
|
|
|a (092)
|2 MRF
|
| 100 |
1 |
|
|a Noord, Lidewey van,
|d 1985-
|7 xx0237203
|4 aut
|
| 240 |
1 |
0 |
|a Peter Sagan.
|l Česky
|
| 245 |
1 |
0 |
|a Peter Sagan /
|c Lidewey van Noordová ; z holandského originálu Peter Sagan ... přeložily Lenka Strnadová a Jana Červenková
|
| 250 |
|
|
|a 1. vydání
|
| 264 |
|
1 |
|a Praha :
|b XYZ,
|c 2019
|
| 300 |
|
|
|a 149 stran, 8 nečíslovaných stran obrazových příloh :
|b barevné portréty ;
|c 20 cm
|
| 336 |
|
|
|a text
|b txt
|2 rdacontent
|
| 337 |
|
|
|a bez média
|b n
|2 rdamedia
|
| 338 |
|
|
|a svazek
|b nc
|2 rdacarrier
|
| 500 |
|
|
|a Obálkový podnázev: příběh šampiona s pověstí rockové hvězdy
|
| 504 |
|
|
|a Obsahuje bibliografické odkazy
|
| 600 |
1 |
7 |
|a Sagan, Peter,
|d 1990-
|7 mzk2017963393
|2 czenas
|
| 648 |
|
7 |
|a 20.-21. století
|7 ch462155
|2 czenas
|
| 648 |
|
7 |
|a 21. století
|7 ch460559
|2 czenas
|
| 650 |
0 |
7 |
|a cyklisté
|7 ph164188
|z Slovensko
|y 20.-21. století
|2 czenas
|
| 650 |
0 |
7 |
|a silniční cyklistika
|7 ph305426
|y 21. století
|2 czenas
|
| 650 |
0 |
9 |
|a cyclists
|z Slovakia
|y 20th-21st centuries
|2 eczenas
|
| 650 |
0 |
9 |
|a road cycling
|y 21st century
|2 eczenas
|
| 655 |
|
7 |
|a biografie
|7 fd131909
|2 czenas
|
| 655 |
|
9 |
|a biography
|2 eczenas
|
| 700 |
1 |
|
|a Strnadová, Lenka,
|d 1967-
|7 mzk2009544335
|4 trl
|
| 700 |
1 |
|
|a Červenková, Jana,
|d 1952-
|7 mzk2008453196
|4 trl
|
| 910 |
2 |
|
|a BOA001
|b 1-1430.461
|
| 928 |
9 |
|
|a Albatros Media - XYZ
|
| 990 |
|
|
|a BK
|
| 995 |
|
|
|a 01
|
| 991 |
|
|
|b 201909
|c NOV
|
| 996 |
6 |
|
|b 2610787989
|c 1-1430.461
|l MZK
|r Sklad / do 1 hodiny
|n 0
|p p.v.
|w 001734329
|u 000010
|a 1
|e BOA001
|j MZK50
|s P
|